ბათუმის შოთა რუსთაველის სახელმწიფო უნივერსიტეტის ბიბლიოთეკა

ჩანაწერი Corporate Name

ჩანაწერთა რაოდენობა, რომელიც გამოყენებულია: 1

001 - CONTROL NUMBER

  • control field: 23944

003 - CONTROL NUMBER IDENTIFIER

  • control field: GE_BSU

005 - DATE AND TIME OF LATEST TRANSACTION

  • control field: 20241211162937.0

008 - FIXED-LENGTH DATA ELEMENTS

  • fixed length control field: 241211|| aca||aabn | a|a d

040 ## - CATALOGING SOURCE

  • Original cataloging agency: GE_BSU
  • Transcribing agency: GE_BSU

110 ## - HEADING--CORPORATE NAME

  • Corporate name or jurisdiction name as entry element: საქართველოს მეცნიერებათა ეროვნული აკადემია.
  • Subordinate unit: საქართველოს აგრარული უნივერსიტეტი

670 ## - SOURCE DATA FOUND

  • Source citation: Work cat.: (GE_BSU): კვესიტაძე, გიორგი 23942, თანამედროვე ეკოლოგია, გარემოს მდგომარეობა, დისბალანსის გამომწვევი მიზეზები და რემედიაციული ტექნოლოგიები :